00850nam a2200241 i 4500001000700000003000900007005001700016007000300033008004100036080001500077100001800092245019200110260003600302300002900338490002100367500007000388700002200458700002600480700003300506700002600539830002100565852002200586114949ES-MaACL20260315204631.0t|070213s1930 sp ||||1| spa d a86-221"19"1 aArmont, Paul.13aLa aventura de Irene b: comedia en tres actos y seis cuadros /coriginal de Armont y Gerbidon ; en colaboración con José Juan Cadenas y Enrique F. Gutierrez-Roig ; dibujos de Alonso. aMadrid : bRivadeneyra, c1930. a63 p. : bil. ; c17 cm.1 aLa Farsa ; v125 aEstrenada en el teatro Fontalba, de Madrid, el día 17 de Enero.1 aGerbidon, Marcel.1 aCadenas, José Juan.1 aGutiérrez-Roig, Enrique F.0 aAlonso c(ilustrador)0 aLa Farsa ; v125 aES-MaACLjC-13202